Mama Rex & T : (Record no. 114463)
[ view plain ]
| 000 -LEADER | |
|---|---|
| fixed length control field | 00360nam a2200133 a 4500 |
| 005 - DATE AND TIME OF LATEST TRANSACTION | |
| control field | 20140414132101.0 |
| 008 - FIXED-LENGTH DATA ELEMENTS--GENERAL INFORMATION | |
| fixed length control field | 100719s19uu xx 00 eng d |
| 050 ## - LIBRARY OF CONGRESS CALL NUMBER | |
| Classification number | ER |
| Item number | M263 2002 |
| 100 ## - MAIN ENTRY--PERSONAL NAME | |
| Personal name | Vail, Rachel |
| 245 ## - TITLE STATEMENT | |
| Title | Mama Rex & T : |
| Remainder of title | The (almost) perfect mother's day. |
| 260 ## - PUBLICATION, DISTRIBUTION, ETC. (IMPRINT) | |
| Place of publication, distribution, etc | New York : |
| Name of publisher, distributor, etc | Scholastic Inc. |
| 650 ## - SUBJECT ADDED ENTRY--TOPICAL TERM | |
| Topical term or geographic name as entry element | Mother's day |
| Withdrawn status | Lost status | Damaged status | Home library | Current library | Shelving location | Date acquired | Total Checkouts | Full call number | Barcode | Date last seen | Price effective from | Koha item type |
|---|---|---|---|---|---|---|---|---|---|---|---|---|
| Munich Library | Munich Library | Easy Reading Section | 07/19/2010 | ER M263 2002 | M6300 | 04/14/2014 | 04/14/2014 | Books |